Význam budovania značky a brandingu pri komunikačnej stratégii firmy diplomová práca

Gespeichert in:
Bibliographische Detailangaben
1. Verfasser: Hirošová, Beáta
Körperschaft: Obchodná fakulta EU. Katedra marketingu
Weitere Verfasser: Hanuláková, Eva, 1964-
Format: Buch
Sprache:Slowakisch
Veröffentlicht: Bratislava 2019
Tags: Tag hinzufügen
Keine Tags, Fügen Sie das erste Tag hinzu!

MARC

LEADER 00000nbm a2200000 4500
001 0253895
005 20190704134313.6
041 0 |a slo 
044 |a SK 
245 1 0 |a Význam budovania značky a brandingu pri komunikačnej stratégii firmy  |b diplomová práca  |c Beáta Hirošová ; školiteľ: Eva Hanuláková 
264 1 |a Bratislava  |c 2019 
300 |a 67 s. 
100 1 |a Hirošová, Beáta 
700 1 |a Hanuláková, Eva, 1964- 
710 2 |a Obchodná fakulta EU. Katedra marketingu